000
00237nam a22001097a 4500
082
_a
808.3 SUY'D
100
_a
SUYIN, HAN
_9
79460
245
_a
DESTINATION CHUNGKING
260
_a
LONDON
_b
MAYFLOWER
_c
1969
300
_a
251P
942
_c
BK
999
_c
584504
_d
584504